000 01143nam a22002177a 4500
003 OSt
005 20210302093824.0
008 210216s2015 ck ad||gr|||| 00| 0 spa d
040 _aCO-JMCR
_cCO-JMCR
041 0 _aspa
082 0 4 _a332.6725 /
_bC957i
_223
100 1 _ade la Cruz González, Javier,
_eAutor
_913535
245 1 0 _aIntegración financiera regional :
_bla mejor ruta a seguir /
_cJavier de la Cruz González
260 _aBogotá :
_bFedereación Iberoamericana de Bolsas :
_bBanco de Desarrollo de América Latina,
_c2015.
300 _a104 páginas :
_bilustraciones, gráficos a color ;
_c21 cm. +
_e1 CD-ROM
505 _tConsideraciones sobre el estudio /
_rMauricio Cárdenas Santamaría --
_tPlan de trabajo FIAB 2013-12015 /
_rJuan Pablo Córdoba ,
_rJosé Antonio Martínez --
_tPrimer componente del proyecto FIAB - CAF /
_rJavier de la Cruz González --
_tPosibilidades de utilización /
_rJavier de la Cruz González
650 2 4 _aMercado de capitales
_zAmérica Latina
_913536
650 2 4 _a Finanzas
_zAmérica Latina
_913537
650 2 4 _aIntegración económica
_zAmérica Latina
_913538
942 _2ddc
_cBK
999 _c7204
_d7204